000 00468nam a22001697a 4500
005 20260420103602.0
008 260420b |||||||| |||| 00| 0 eng d
020 _a978-81-203-3338-3
050 _aS 600 .R36 2025
100 _aRAO,PRASADA
245 _aAGRICULTURAL METOROLOGY
260 _aDELHI
_bPUSHPITA GHOSH
_c2025
300 _aXIX,364P ILL
500 _aINCLUDES BIBLOGRAPHIC DESCRIPTIONS INDEX
650 _aAGRICULTURAL METEOROLOGY
942 _2lcc
_cBK
999 _c217004
_d217004